Normal view
MARC view
- Vellanadu, Manoj
Entry Personal Name
001 - CONTROL NUMBER
- control field: 7794
003 - CONTROL NUMBER IDENTIFIER
- control field: OSt
005 - DATE AND TIME OF LATEST TRANSACTION
- control field: 20250830114741.0
008 - FIXED-LENGTH DATA ELEMENTS
- fixed length control field: 250830|| aca||aabn | a|a d
040 ## - CATALOGING SOURCE
- Original cataloging agency: OSt
- Transcribing agency: OSt
100 ## - HEADING--PERSONAL NAME
- Personal name: Vellanadu, Manoj
670 ## - SOURCE DATA FOUND
- Source citation: Work cat.: (OSt)19483: Vellanadu, Manoj, Udalvedam /, 2025.
